000 00596nam a2200229Ia 4500
003 OSt
005 20220924150451.0
006 a|||||r|||| 00| 0
007 ta
008 220923b |||||||| |||| 00| 0 tel d
024 _a333251
037 _cTextual
040 _aARTS
_cARTS
_btel
041 _2tel
_atel
082 _aO35,1N17,4, M1
100 _aKanthamma Utukuri Lakshmi
_9222199
245 0 _aNaa telugu maanchala
260 _c1981
650 _aTELUGU POETRY
942 _hO35,1N17,4, M1
_cTEXL
_2CC
999 _c463449
_d463449